00511nam a2200181Ia 4500003000400000008004100004040001600045082001700061100001700078245004500095260002700140650000900167650001000176650001700186942001200203999001700215952009700232GCL140319s9999    xx            000 0 eng d  aGCL / cGCL04a912.624bG O1 aGEO PROJECTS10aTHE OXFORD MAP OF SUDAN / cGEO PROJECTS  a[S.N] : bGEO PROJECTS04aMAPS04aSUDAN04aSUDAN - MAPS  2ddccBK  c14941d14941  00104070aCAIbCAId2014-03-26l0o912.624\G Op27892r2014-03-26 00:00:00w2014-03-26yBK